| 000 | 01070nmm a2200325 a 4500 | ||
|---|---|---|---|
| 001 | ocm0001865134 | ||
| 003 | TR-IsHL | ||
| 005 | 20201028171534.0 | ||
| 008 | 180321s2017 tu tur | ||
| 007 | cr cn | ||
| 020 | _a9789752475304 | ||
| 035 |
_a1865134 _b(N$T) |
||
| 050 | 0 | 4 |
_aHD31 _b.Y66 2017 |
| 090 | 0 | 4 |
_aHD31 _b.Y66 2017 |
| 245 | 1 | 0 |
_aYönetim ve organizasyon makaleleri: kadın akademisyenlere armağan _h[electronic resource] / _chazırlayanlar Esra Gökçen Kaygısız ; Reyhan Ayşen Wolff |
| 250 | _aBirinci basım | ||
| 260 |
_aKonya : _bEğitim Yayınevi, _c2017 |
||
| 300 | _a448 p. | ||
| 500 |
_aKaynakça var. _x |
||
| 650 | 4 | _aİşletme ve Yönetim | |
| 650 | 4 | _aBusiness Management | |
| 650 | 0 | _aOrganizasyon | |
| 650 | 0 | _aOrganization | |
| 650 | 0 | _aYönetim | |
| 650 | 0 | _aManagement | |
| 650 | 7 |
_aBUSINESS & ECONOMICS / Management _2bisacsh |
|
| 700 | 1 | _aKaygısız, Esra Gökçen | |
| 700 | 1 | _aWolff, Reyhan Ayşen | |
| 856 | 4 | 0 | _uhttp://search.ebscohost.com/login.aspx?direct=true&scope=site&db=e011xww&AN=1865134 |
| 999 |
_c16752 _d16752 |
||